000 00566nam a2200193Ia 4500
003 IN-BaIIA
008 211028s9999 xx 000 0 eng d
040 _cIIA Library
080 _a517.53
_bLEP
100 _aLepage, Wilbur R
_97287
245 0 _aComplex variables and the laplace transform for engineers
_cWilbur R. Lepage
260 _aNew York
_bMcGraw-Hill
_c1961
300 _axvii, 475p.
650 _aComplex Variables
_93258
650 _aDifferential Equations
_91510
650 _aLaplace Transformation
_91693
650 _aNASA Thesaurus
942 _cBK
999 _c4141
_d4141